[Event "Mecklenburg VP LL2 West 1112"]
[Site "Mecklenburg VP"]
[Date "2012.02.26"]
[Round "7.8"]
[White "Heinisch, Uwe"]
[Black "Neumann, Markus"]
[Result "1/2-1/2"]
[WhiteElo "1682"]
[BlackElo "1219"]
[PlyCount "39"]
[EventDate "2011.10.02"]
[EventType "team-tourn"]
[EventRounds "9"]
[EventCountry "GER"]
[SourceTitle "EXT 2022"]
[Source "ChessBase"]
[SourceDate "2021.10.06"]
[SourceVersion "1"]
[SourceVersionDate "2021.10.06"]
[SourceQuality "1"]
[WhiteTeam "Schwerin SF III"]
[BlackTeam "Putlitzer SV 1921"]
[WhiteTeamCountry "GER"]
[BlackTeamCountry "GER"]

1. d4 d5 2. Nf3 Nc6 3. e3 Nf6 4. Bd3 e6 5. c3 Bd6 6. Nbd2 0-0 7. Qe2 Re8 8. 0-0 e5 9. dxe5 Nxe5 10. Nxe5 Bxe5 11. h3 c6 12. Nf3 Qc7 13. Qc2 Bd7 14. Bf5 Bxf5 15. Qxf5 Ne4 16. Nxe5 Rxe5 17. Qf3 Ng5 18. Qg3 Ne4 19. Qf3 Ng5 20. Qg3 1/2-1/2

[Event "Mecklenburg VP LL2 West 1011"]
[Site "Mecklenburg VP"]
[Date "2010.10.24"]
[Round "2.8"]
[White "Heinisch, Uwe"]
[Black "Wahrmann, Eric"]
[Result "1/2-1/2"]
[WhiteElo "1633"]
[BlackElo "1550"]
[PlyCount "57"]
[EventDate "2010.10.10"]
[EventType "team-tourn"]
[EventRounds "9"]
[EventCountry "GER"]
[SourceTitle "EXT 2022"]
[Source "ChessBase"]
[SourceDate "2021.10.06"]
[SourceVersion "1"]
[SourceVersionDate "2021.10.06"]
[SourceQuality "1"]
[WhiteTeam "Schwerin SF III"]
[BlackTeam "Malchow Schachinsel"]
[WhiteTeamCountry "GER"]
[BlackTeamCountry "GER"]

1. d4 d5 2. Nf3 Nf6 3. e3 e6 4. Bd3 Be7 5. Nbd2 0-0 6. 0-0 c5 7. c3 Qc7 8. Qe2 Nc6 9. Re1 b6 10. dxc5 Bxc5 11. e4 dxe4 12. Nxe4 Be7 13. Bg5 Nd5 14. Bc2 Bxg5 15. Nexg5 h6 16. Ne4 Nf4 17. Qe3 Nd5 18. Qd3 f5 19. Ng3 a5 20. Qd2 Rd8 21. Rad1 Nde7 22. Qe2 Rxd1 23. Bxd1 a4 24. Qd2 e5 25. Bc2 Be6 26. Rd1 Rd8 27. Qe2 Rxd1+ 28. Qxd1 b5 29. a3 1/2-1/2

[Event "Mecklenburg VP LL2 West 0910"]
[Site "Mecklenburg VP"]
[Date "2010.01.24"]
[Round "5.8"]
[White "Wulf, Birgit"]
[Black "Heinisch, Uwe"]
[Result "0-1"]
[WhiteElo "1355"]
[BlackElo "1614"]
[PlyCount "116"]
[EventDate "2009.10.18"]
[EventType "team-tourn"]
[EventRounds "9"]
[EventCountry "GER"]
[SourceTitle "EXT 2016"]
[Source "ChessBase"]
[SourceDate "2015.10.08"]
[SourceVersion "1"]
[SourceVersionDate "2015.10.08"]
[SourceQuality "1"]
[WhiteTeam "Ludwigslust Post SV II"]
[BlackTeam "Schwerin SF III"]
[WhiteTeamCountry "GER"]
[BlackTeamCountry "GER"]

1. c4 f5 2. d4 Nf6 3. Nc3 e6 4. Nf3 c6 5. e3 d5 6. cxd5 cxd5 7. Bb5+ Bd7 8. Qb3 Nc6 9. Bxc6 Bxc6 10. Ne5 Qc7 11. Bd2 a6 12. f4 Bd6 13. 0-0 Bxe5 14. fxe5 Nd7 15. Qb4 Rc8 16. Rac1 Qb6 17. Qxb6 Nxb6 18. b3 Nd7 19. Ne2 0-0 20. Nf4 Rfe8 21. Rc3 Nf8 22. Rfc1 Bd7 23. Rc7 Bc6 24. Rxc8 Rxc8 25. Bb4 Re8 26. g3 Nd7 27. Kf2 g5 28. Nd3 Kf7 29. h3 h6 30. g4 Kg6 31. Kg3 fxg4 32. hxg4 Rg8 33. Rf1 Bb5 34. Rd1 Bxd3 35. Rxd3 Rc8 36. Rc3 Rxc3 37. Bxc3 h5 38. gxh5+ Kxh5 39. Be1 Nf8 40. Kf3 Ng6 41. e4 dxe4+ 42. Kxe4 Ne7 43. Kf3 Nd5 44. a3 g4+ 45. Ke4 Kg5 46. Bg3 b5 47. Be1 Kh5 48. b4 Kg5 49. Bd2+ Kh5 50. Be1 Kg5 51. Bd2+ Kh4 52. Be1+ Kh3 53. Kd3 Kh2 54. Kc2 g3 55. Bxg3+ Kxg3 56. Kb3 Kf3 57. a4 Ke4 58. axb5 axb5 0-1

[Event "Rostock  PSV op 05th"]
[Site "Rostock"]
[Date "2005.08.28"]
[Round "7"]
[White "Heinisch, Uwe"]
[Black "Hinkelmann, Dieter"]
[Result "1/2-1/2"]
[WhiteElo "1600"]
[BlackElo "1537"]
[PlyCount "33"]
[EventDate "2005.08.25"]
[EventType "swiss"]
[EventRounds "7"]
[EventCountry "GER"]
[SourceTitle "EXT 2007"]
[Source "ChessBase"]
[SourceDate "2006.11.23"]
[SourceVersion "1"]
[SourceVersionDate "2006.11.23"]
[SourceQuality "1"]

1. d4 d5 2. Nf3 e6 3. e3 Nf6 4. Bd3 b6 5. Nbd2 Be7 6. 0-0 0-0 7. Qe2 Bb7 8. e4 dxe4 9. Nxe4 Nbd7 10. c3 c5 11. dxc5 Nxc5 12. Nxc5 Bxc5 13. Rd1 Qc7 14. h3 Rad8 15. Bg5 Be7 16. Bxf6 Bxf6 17. Be4 1/2-1/2

[Event "Rostock  PSV op 04th"]
[Site "Rostock"]
[Date "2004.08.29"]
[Round "7"]
[White "Schmidt, Wolfgang1111"]
[Black "Heinisch, Uwe"]
[Result "1-0"]
[WhiteElo "1859"]
[BlackElo "1587"]
[PlyCount "139"]
[EventDate "2004.08.26"]
[EventType "swiss"]
[EventRounds "7"]
[EventCountry "GER"]
[SourceTitle "EXT 2007"]
[Source "ChessBase"]
[SourceDate "2006.11.23"]
[SourceVersion "1"]
[SourceVersionDate "2006.11.23"]
[SourceQuality "1"]

1. d4 f5 2. Nf3 Nf6 3. c4 e6 4. Nc3 c6 5. Bg5 d5 6. e3 Be7 7. Ne5 0-0 8. Qc2 Nbd7 9. Nxd7 Bxd7 10. f3 Be8 11. 0-0-0 Nh5 12. Bxe7 Qxe7 13. f4 Nf6 14. Re1 Rc8 15. Kb1 c5 16. b3 a6 17. Ka1 b5 18. cxb5 axb5 19. Rc1 c4 20. bxc4 bxc4 21. Be2 Ra8 22. Bf3 Bc6 23. Rb1 Rfb8 24. Rb2 Rb7 25. Rhb1 Rab8 26. Rxb7 Rxb7 27. Rxb7 Qxb7 28. Qb2 Qxb2+ 29. Kxb2 Kf7 30. Ka3 Ke7 31. Kb4 Nd7 32. a4 Kd8 33. g4 g6 34. g5 Kc8 35. a5 Kc7 36. Bd1 Nb8 37. Nb5+ Bxb5 38. Kxb5 Kb7 39. Kc5 Kc7 40. Ba4 Na6+ 41. Kb5 Kb7 42. h4 Nb8 43. Bd1 Na6 44. h5 Nb8 45. hxg6 hxg6 46. Bc2 Na6 47. Ba4 Nb8 48. Kc5 Kc7 49. Bb5 Nd7+ 50. Kb4 Nf8 51. Ka4 Kb7 52. Be8 Ka7 53. Kb4 Ka6 54. Bc6 Nh7 55. Bb5+ Kb7 56. Kc5 Kc7 57. a6 Nf8 58. a7 Kb7 59. Kd6 Kxa7 60. Ke7 Kb6 61. Ba4 Ka5 62. Bd1 Kb4 63. Kxf8 Kc3 64. Kf7 Kd3 65. Kxe6 Kxe3 66. Ke5 c3 67. Ba4 Kd3 68. Kxd5 c2 69. Bxc2+ Kxc2 70. Ke5 1-0

[Event "Rostock  PSV op 04th"]
[Site "Rostock"]
[Date "2004.08.28"]
[Round "5"]
[White "Heinisch, Uwe"]
[Black "Boehm, Matthias"]
[Result "1/2-1/2"]
[WhiteElo "1587"]
[BlackElo "1704"]
[PlyCount "40"]
[EventDate "2004.08.26"]
[EventType "swiss"]
[EventRounds "7"]
[EventCountry "GER"]
[SourceTitle "EXT 2007"]
[Source "ChessBase"]
[SourceDate "2006.11.23"]
[SourceVersion "1"]
[SourceVersionDate "2006.11.23"]
[SourceQuality "1"]

1. d4 Nf6 2. Nf3 g6 3. Bg5 Bg7 4. g3 0-0 5. Qc1 Re8 6. Bg2 d5 7. 0-0 Nbd7 8. Bh6 Bh8 9. c3 c6 10. Re1 e5 11. dxe5 Nxe5 12. Nxe5 Rxe5 13. Nd2 Re8 14. Nf3 Bg4 15. h3 Bxf3 16. Bxf3 Ne4 17. Be3 f5 18. Bd4 Ng5 19. Bg2 Ne6 20. Qd2 Qg5 1/2-1/2

[Event "Rostock  PSV op 04th"]
[Site "Rostock"]
[Date "2004.08.26"]
[Round "2"]
[White "Von Rahden, Arvid"]
[Black "Heinisch, Uwe"]
[Result "1-0"]
[WhiteElo "2145"]
[BlackElo "1587"]
[PlyCount "89"]
[EventDate "2004.08.26"]
[EventType "swiss"]
[EventRounds "7"]
[EventCountry "GER"]
[SourceTitle "EXT 2007"]
[Source "ChessBase"]
[SourceDate "2006.11.23"]
[SourceVersion "1"]
[SourceVersionDate "2006.11.23"]
[SourceQuality "1"]

1. e4 d6 2. d4 Nf6 3. Nc3 c6 4. a4 e5 5. Bc4 Be7 6. dxe5 dxe5 7. Qxd8+ Bxd8 8. Nf3 Bc7 9. Be3 b6 10. b4 Bb7 11. 0-0 0-0 12. Rfd1 Nbd7 13. a5 b5 14. Ba2 h6 15. Ne1 a6 16. Nd3 Rad8 17. Nc5 Nxc5 18. Bxc5 Rxd1+ 19. Rxd1 Rd8 20. Rxd8+ Bxd8 21. Bd6 Nd7 22. Kf1 Bg5 23. Ke2 g6 24. g3 Bf6 25. Kd3 g5 26. Nd1 Kg7 27. Ne3 Kg6 28. Nf5 h5 29. Ke3 Ba8 30. Bc7 Bg7 31. Ne7+ Kf6 32. Bd8 Bf8 33. Nxc6+ Kg7 34. Bd5 Nf6 35. Bxf6+ Kxf6 36. c3 Bd6 37. Kd3 Kg7 38. Ne7 Bxd5 39. Nxd5 f6 40. c4 bxc4+ 41. Kxc4 Bb8 42. b5 axb5+ 43. Kxb5 Ba7 44. Nb6 Kf7 45. Kc6 1-0

[Event "ESC 4#0013 email"]
[Site "ESC email"]
[Date "2001.09.10"]
[Round "?"]
[White "Heiduk, Michael"]
[Black "Heinisch, Uwe"]
[Result "1-0"]
[WhiteElo "1638"]
[BlackElo "1430"]
[PlyCount "108"]
[EventDate "2001.02.03"]
[EventType "tourn (corr)"]
[EventRounds "6"]
[SourceTitle "Corr 2004"]
[Source "ChessBase"]
[SourceDate "2003.04.28"]
[SourceVersion "3"]
[SourceVersionDate "2003.04.28"]
[SourceQuality "1"]

1. Nc3 d5 2. e4 d4 3. Nce2 c5 4. d3 Nc6 5. Ng3 e5 6. Nf3 Nf6 7. Be2 Be7 8. 0-0 0-0 9. c3 h6 10. Bd2 Be6 11. Qc2 Rc8 12. h3 b6 13. c4 a6 14. Qa4 Qc7 15. Qc2 Ra8 16. a3 Rfb8 17. Rfb1 b5 18. b3 b4 19. Bc1 a5 20. Qd2 Ra7 21. axb4 axb4 22. Rxa7 Qxa7 23. Bb2 Rb6 24. Ra1 Ra6 25. Rxa6 Qxa6 26. Qc2 Bd6 27. Nf5 Bc7 28. Nd2 Kh7 29. Nf3 Nh5 30. Ne1 Nf4 31. Bg4 g6 32. Ng3 Bxg4 33. hxg4 Bd8 34. Nf1 Bf6 35. Nf3 Qa2 36. Ne1 Bg5 37. g3 Ne6 38. Nf3 f6 39. Kg2 Na5 40. Nxg5+ Nxg5 41. Nd2 Kg7 42. Kf1 Nf7 43. Kg2 Nd6 44. f3 f5 45. gxf5 gxf5 46. Kg1 Kf6 47. f4 Nf7 48. Kg2 Nb7 49. fxe5+ Ke7 50. exf5 Nxe5 51. Ne4 Nxd3 52. f6+ Kf7 53. Qxd3 Qxb2+ 54. Kh3 Qc1 1-0

[Event "ESC 4#0013 email"]
[Site "ESC email"]
[Date "2001.02.25"]
[Round "?"]
[White "Mueller, Lutz"]
[Black "Heinisch, Uwe"]
[Result "1-0"]
[WhiteElo "1652"]
[BlackElo "1430"]
[PlyCount "39"]
[EventDate "2001.02.03"]
[EventType "tourn (corr)"]
[EventRounds "6"]
[SourceTitle "Corr 2004"]
[Source "ChessBase"]
[SourceDate "2003.04.28"]
[SourceVersion "3"]
[SourceVersionDate "2003.04.28"]
[SourceQuality "1"]

1. e4 e6 2. d4 d5 3. Nc3 dxe4 4. Nxe4 Nd7 5. Nf3 Ngf6 6. Nxf6+ Nxf6 7. c3 Bd6 8. Bd3 Qe7 9. 0-0 Bd7 10. Re1 0-0-0 11. a3 a6 12. c4 Qe8 13. b4 h6 14. Qe2 Ba4 15. c5 Be7 16. Bxa6 bxa6 17. Qxa6+ Kb8 18. b5 Qxb5 19. Qxb5+ Bxb5 20. Rb1 1-0

[Event "ESC 4#0008 email"]
[Site "ESC email"]
[Date "2000.10.17"]
[Round "?"]
[White "Heinisch, Uwe"]
[Black "Muessig, Frank"]
[Result "1/2-1/2"]
[WhiteElo "1392"]
[BlackElo "1000"]
[PlyCount "65"]
[EventDate "2000.07.02"]
[EventType "tourn (corr)"]
[EventRounds "6"]
[SourceTitle "Corr 2004"]
[Source "ChessBase"]
[SourceDate "2003.04.28"]
[SourceVersion "3"]
[SourceVersionDate "2003.04.28"]
[SourceQuality "1"]

1. c4 e6 2. Nc3 d5 3. cxd5 exd5 4. d4 c5 5. Nf3 Nc6 6. e3 Nf6 7. Bd3 Bg4 8. dxc5 Bxc5 9. h3 Bxf3 10. Qxf3 0-0 11. 0-0 a6 12. Rd1 Qe7 13. Nxd5 Nxd5 14. Qxd5 Rad8 15. Qh5 h6 16. Be2 Rxd1+ 17. Bxd1 Rd8 18. Bb3 Ba7 19. a3 Ne5 20. Qf5 b5 21. Bc2 g6 22. Qe4 Qc5 23. Rb1 Bb8 24. b4 Qc7 25. f4 Nc4 26. Bb3 Kh7 27. a4 f5 28. Qc2 Rd7 29. axb5 axb5 30. Bxc4 Qxc4 31. Qxc4 bxc4 32. b5 Rd1+ 33. Kf2 1/2-1/2

[Event "ESC 4#0008 email"]
[Site "ESC email"]
[Date "2000.09.24"]
[Round "?"]
[White "Muessig, Frank"]
[Black "Heinisch, Uwe"]
[Result "1/2-1/2"]
[WhiteElo "1000"]
[BlackElo "1392"]
[PlyCount "50"]
[EventDate "2000.07.02"]
[EventType "tourn (corr)"]
[EventRounds "6"]
[SourceTitle "Corr 2004"]
[Source "ChessBase"]
[SourceDate "2003.04.28"]
[SourceVersion "3"]
[SourceVersionDate "2003.04.28"]
[SourceQuality "1"]

1. d4 e6 2. c4 f5 3. Nf3 Nf6 4. g3 Be7 5. Bg2 0-0 6. 0-0 d6 7. b4 Nbd7 8. Bb2 d5 9. Qb3 dxc4 10. Qxc4 Nb6 11. Qb3 Nfd5 12. a3 a5 13. Nc3 axb4 14. axb4 Rxa1 15. Rxa1 Nxb4 16. Ba3 Nc6 17. e3 Na5 18. Qb5 Bxa3 19. Rxa3 Nac4 20. Ra7 Bd7 21. Qc5 Bc6 22. Ne5 Bxg2 23. Kxg2 Nxe5 24. Qxe5 Qc8 25. d5 Re8 1/2-1/2

[Event "ESC 4#0006 email"]
[Site "ESC email"]
[Date "2000.06.05"]
[Round "?"]
[White "Heinisch, Uwe"]
[Black "Haertig, Manfred"]
[Result "1/2-1/2"]
[WhiteElo "1202"]
[BlackElo "1160"]
[PlyCount "135"]
[EventDate "2000.03.25"]
[EventType "tourn (corr)"]
[EventRounds "6"]
[SourceTitle "Corr 2004"]
[Source "ChessBase"]
[SourceDate "2003.04.28"]
[SourceVersion "3"]
[SourceVersionDate "2003.04.28"]
[SourceQuality "1"]

1. e4 c6 2. Nc3 d5 3. Nf3 dxe4 4. Nxe4 Bf5 5. Ng3 Bg6 6. Bc4 e6 7. d4 Bd6 8. 0-0 Nf6 9. Bg5 Nbd7 10. Qe2 Qc7 11. Rfe1 0-0-0 12. Ne5 Be7 13. c3 Nxe5 14. dxe5 Nd5 15. Bxe7 Qxe7 16. Ne4 Bxe4 17. Qxe4 Qg5 18. Rad1 h6 19. Bb3 Rhf8 20. Rd3 f5 21. exf6 Rxf6 22. Qd4 a6 23. Rg3 Nc7 24. Rxg5 Rxd4 25. cxd4 hxg5 26. Kf1 Rf4 27. Bxe6+ Kd8 28. Re5 Rxd4 29. Ke2 Ke7 30. Bc8+ Kf7 31. Rxg5 Rb4 32. b3 Nd5 33. Re5 a5 34. Kf3 Ne7 35. Be6+ Kf6 36. Re2 Rd4 37. Bc4 Rd6 38. Re3 b5 39. Rd3 Rxd3+ 40. Bxd3 Ke5 41. Ke2 Nd5 42. Kd2 Kd4 43. a3 Nf4 44. Bf1 Nd5 45. g3 Nc3 46. Bg2 c5 47. Kc2 a4 48. bxa4 Nxa4 49. Bc6 Kc4 50. h4 Nc3 51. h5 b4 52. axb4 cxb4 53. g4 Ne2 54. Ba4 Nf4 55. Bb3+ Kd4 56. Kd2 Nh3 57. f3 Ng5 58. Bd1 Ne6 59. Bc2 Nf4 60. Bb3 Nh3 61. Kc2 Ke3 62. Bd5 Kd4 63. Bb7 Nf4 64. Kb3 Kc5 65. Bc8 Kb5 66. Bd7+ Kc5 67. Ba4 Ne6 68. Kb2 1/2-1/2

[Event "ESC 4#0006 email"]
[Site "ESC email"]
[Date "2000.05.08"]
[Round "?"]
[White "Haertig, Manfred"]
[Black "Heinisch, Uwe"]
[Result "1/2-1/2"]
[WhiteElo "1160"]
[BlackElo "1202"]
[PlyCount "80"]
[EventDate "2000.03.25"]
[EventType "tourn (corr)"]
[EventRounds "6"]
[SourceTitle "Corr 2004"]
[Source "ChessBase"]
[SourceDate "2003.04.28"]
[SourceVersion "3"]
[SourceVersionDate "2003.04.28"]
[SourceQuality "1"]

1. b4 d5 2. Bb2 Bf5 3. Nf3 e6 4. e3 Nd7 5. c4 Ngf6 6. a3 Be7 7. Nc3 0-0 8. Rc1 c6 9. cxd5 Nxd5 10. Be2 Rc8 11. 0-0 Nxc3 12. Bxc3 Bf6 13. h3 Bxc3 14. dxc3 Nb6 15. Qd4 Qxd4 16. cxd4 h6 17. g4 Bh7 18. Rc5 Rfd8 19. Rfc1 Rd5 20. h4 Rcd8 21. b5 cxb5 22. Rc7 R8d7 23. Rxd7 Nxd7 24. Rc8+ Nf8 25. Rb8 a6 26. Rxb7 Rd6 27. Rc7 f6 28. h5 Be4 29. Nd2 Rc6 30. Ra7 Bd5 31. Bf3 Bxf3 32. Nxf3 Rd6 33. Nh4 Rb6 34. Ng6 Nxg6 35. hxg6 Kf8 36. Ra8+ Ke7 37. Rg8 f5 38. gxf5 exf5 39. Rxg7+ Kf6 40. Rg8 a5 1/2-1/2